| 000 | nam a22 7a 4500 | ||
|---|---|---|---|
| 999 |
_c49438 _d49438 |
||
| 003 | OSt | ||
| 005 | 20191214162934.0 | ||
| 008 | 191214b xxu||||| |||| 00| 0 eng d | ||
| 040 |
_cIIMT UNIVRERISTY MEERUT _dSEROSOFT |
||
| 100 | _aSERIES RHYTHM | ||
| 245 |
_aHUMAN ANATOMY AND PHYSIOLOGY _cAUTHOR _hENGLISH |
||
| 260 |
_aKAMAL PUBLISHING HOUSE _cKANPUR |
||
| 300 | _aPAPERBACK | ||
| 760 | _bFIFTH 2018 | ||
| 856 | _3PAPERBACK | ||
| 942 |
_2ddc _c01 _eFIFTH 2018 _h612SER _m612ESR |
||